00714nam a2200181 a 450000100100000000500170001000800410002702000150006804000250008310000420010824501040015026000330025430000370028750000550032470000300037995201060040999900170051500002867420200930055054.0110411s1994 sp a 000 0 spa d a8476512031 aDO-SdBNPbspacBNPHU1 aCurtis, Edward S.d(1868-1952)95565010aKukúsim :bvida e iniciación de un joven indio /cEdward S. Curtis ; traductor de Carlos Polit. aEspaña :bHesperus,c1994. a194 p. :bil., laminas ;c22 cm. aIncluye datos biográficos del autor en la solapa1 aPolit, Carlosetr.955651 0010507-18MOaGRbGRcOId2011-04-11iLF1l0o p28674-10r2020-06-25w2020-06-25y1ZNo se presta c28166d28166